Persian designs, revised edition / (Record no. 352696)

000 -LEADER
fixed length control field 00864 a2200253 4500
003 - CONTROL NUMBER IDENTIFIER
control field OSt
005 - DATE AND TIME OF LATEST TRANSACTION
control field 20180116192342.0
008 - FIXED-LENGTH DATA ELEMENTS--GENERAL INFORMATION
fixed length control field 120529t xxu||||| |||| 00| 0 eng d
020 ## - INTERNATIONAL STANDARD BOOK NUMBER
International Standard Book Number 9789057681301 (paperback)
020 ## - INTERNATIONAL STANDARD BOOK NUMBER
International Standard Book Number 9789057681301 (paperback)
040 ## - CATALOGING SOURCE
Transcribing agency 0
082 04 - DEWEY DECIMAL CLASSIFICATION NUMBER
Classification number 745.40
100 1# - MAIN ENTRY--PERSONAL NAME
Personal name Press, Pepin.
9 (RLIN) 2494
245 10 - TITLE STATEMENT
Title Persian designs, revised edition /
Statement of responsibility, etc. Pepin Press.
250 ## - EDITION STATEMENT
Edition statement Pap/Com ed.
260 ## - PUBLICATION, DISTRIBUTION, ETC.
Place of publication, distribution, etc. Amsterdam :
Name of publisher, distributor, etc. Pepin Press,
Date of publication, distribution, etc. 2009.
300 ## - PHYSICAL DESCRIPTION
Extent 144 p. :
Other physical details ill. ;
Dimensions 22 cm.
490 1# - SERIES STATEMENT
Series statement Agile rabbit editions.
650 10 - SUBJECT ADDED ENTRY--TOPICAL TERM
Topical term or geographic name entry element Decoration and ornament
General subdivision Themes, motives
Geographic subdivision Iran
9 (RLIN) 2495
830 #0 - SERIES ADDED ENTRY--UNIFORM TITLE
Uniform title Agile rabbit editions.
9 (RLIN) 2496
856 40 - ELECTRONIC LOCATION AND ACCESS
Materials specified Amazon.com
Uniform Resource Identifier <a href="http://www.amazon.com/exec/obidos/ASIN/9057681307/chopaconline-20">http://www.amazon.com/exec/obidos/ASIN/9057681307/chopaconline-20</a>
942 ## - ADDED ENTRY ELEMENTS (KOHA)
Institution code [OBSOLETE] SADA
Koha item type Book
Call number prefix 745.40 PRE 2009
Source of classification or shelving scheme
Holdings
Withdrawn status Lost status Source of classification or shelving scheme Damaged status Not for loan Permanent Location Current Location Date acquired Total Checkouts Full call number Barcode Date last seen Date last checked out Copy number Cost, replacement price Price effective from Koha item type Total Renewals
          School of Art Design and Architecture (SADA) School of Art Design and Architecture (SADA) 04/08/2011 1 745.4 PRE 2009 SADA0000741 06/04/2013 05/31/2013 01 1777.00 08/05/2011 Book  
          School of Art Design and Architecture (SADA) School of Art Design and Architecture (SADA) 04/08/2011 2 745.4 PRE 2009 SADA0000742 08/16/2013 07/26/2013 02 1777.00 08/05/2011 Book 1
          School of Art Design and Architecture (SADA) School of Art Design and Architecture (SADA) 09/14/2011   CD 745.40 PRE 2009 SADA0001566 09/15/2011   01   09/15/2011    
          School of Art Design and Architecture (SADA) School of Art Design and Architecture (SADA) 09/14/2011   CD 745.40 PRE 2009 SADA0001567 01/05/2017   02   01/05/2017    
© 2023 Central Library, National University of Sciences and Technology. All Rights Reserved.